Nile issues. (Record no. 7281)
[ view plain ]
| 000 -LEADER | |
|---|---|
| fixed length control field | 01097cam a2200325 a 4500 |
| 001 - CONTROL NUMBER | |
| control field | 17736944 |
| 003 - CONTROL NUMBER IDENTIFIER | |
| control field | OSt |
| 005 - DATE AND TIME OF LATEST TRANSACTION | |
| control field | 20210927110137.0 |
| 008 - FIXED-LENGTH DATA ELEMENTS--GENERAL INFORMATION | |
| fixed length control field | 130514s2010 ug ab b 000 0 eng d |
| 010 ## - LIBRARY OF CONGRESS CONTROL NUMBER | |
| LC control number | 2012313513 |
| 020 ## - INTERNATIONAL STANDARD BOOK NUMBER | |
| International Standard Book Number | 9789970250028 |
| 020 ## - INTERNATIONAL STANDARD BOOK NUMBER | |
| International Standard Book Number | 9970250027 |
| 035 ## - SYSTEM CONTROL NUMBER | |
| System control number | (OCoLC)ocn795339621 |
| 040 ## - CATALOGING SOURCE | |
| Original cataloging agency | Z@L |
| Language of cataloging | eng |
| Transcribing agency | DDC |
| Modifying agency | HLS |
| -- | STF |
| -- | DLC |
| 042 ## - AUTHENTICATION CODE | |
| Authentication code | lccopycat |
| -- | lcode |
| 050 00 - LIBRARY OF CONGRESS CALL NUMBER | |
| Classification number | DT115 |
| Item number | .O37 2010 |
| 082 04 - DEWEY DECIMAL CLASSIFICATION NUMBER | |
| Classification number | 551.46OES 2010 |
| 100 1# - MAIN ENTRY--PERSONAL NAME | |
| Personal name | Oestigaard,Terje; |
| 9 (RLIN) | 2038 |
| 245 10 - TITLE STATEMENT | |
| Title | Nile issues. |
| Remainder of title | Small streams from the Nile Basin Research Programme. |
| Statement of responsibility, etc. | Edited by Oestigaard,Terje; |
| 246 30 - VARYING FORM OF TITLE | |
| Title proper/short title | Small streams from the Nile Basin Research Programme |
| 260 ## - PUBLICATION, DISTRIBUTION, ETC. (IMPRINT) | |
| Place of publication, distribution, etc. | Kampala : |
| Name of publisher, distributor, etc. | Fountain Publishers, |
| Date of publication, distribution, etc. | 2010. |
| 300 ## - PHYSICAL DESCRIPTION | |
| Extent | 64p |
| Other physical details | col. ill., map ; |
| Dimensions | 21 cm. |
| 504 ## - BIBLIOGRAPHY, ETC. NOTE | |
| Bibliography, etc | Includes; bibliographical references. |
| 610 20 - SUBJECT ADDED ENTRY--CORPORATE NAME | |
| Corporate name or jurisdiction name as entry element | Nile Basin Research Programme. |
| 9 (RLIN) | 14949 |
| 650 ## - SUBJECT ADDED ENTRY--TOPICAL TERM | |
| Topical term or geographic name as entry element | Biology |
| 9 (RLIN) | 5602 |
| 651 #0 - SUBJECT ADDED ENTRY--GEOGRAPHIC NAME | |
| Geographic name | Nile River Watershed. |
| 9 (RLIN) | 14951 |
| 906 ## - LOCAL DATA ELEMENT F, LDF (RLIN) | |
| a | 7 |
| b | cbc |
| c | copycat |
| d | 3 |
| e | ncip |
| f | 20 |
| g | y-gencatlg |
| 942 ## - ADDED ENTRY ELEMENTS (KOHA) | |
| Source of classification or shelving scheme | Dewey Decimal Classification |
| Koha item type | Open Shelf |
| Withdrawn status | Lost status | Source of classification or shelving scheme | Damaged status | Not for loan | Home library | Current library | Date acquired | Source of acquisition | Inventory number | Total Checkouts | Full call number | Barcode | Date last seen | Price effective from | Koha item type |
|---|---|---|---|---|---|---|---|---|---|---|---|---|---|---|---|
| Dewey Decimal Classification | MUST Main Library | MUST Main Library | 27/09/2021 | Purchase | 11/33276 | 551.46OES 2010 | 2021-1259 | 27/09/2021 | 27/09/2021 | Open Shelf |
